| 000 | 01884cam a22004694i 4500 | ||
|---|---|---|---|
| 003 | PE-LiUPU | ||
| 005 | 20250731173112.0 | ||
| 008 | 150623s r 000 0 d | ||
| 020 | _a9879403045 | ||
| 035 | _a(Sirsi) i9789879403044 | ||
| 040 |
_aPE-LiUPU _bspa _cPE-LiUPU _erda |
||
| 049 | _aPRUA | ||
| 082 | 0 | 4 |
_a266 _bP14 _221 |
| 245 | 0 | 3 |
_aEl proyecto de Dios y las necesidades humanas : _bmás modelos de ministerio integral en América Latina. |
| 264 | 1 |
_aBuenos Aires : _bEdiciones Kairos, _c2000. |
|
| 300 |
_a193 páginas : _bilustraciones, cuadros, gráficos ; _c21 centímetros |
||
| 336 |
_atext _2rdacontent |
||
| 337 |
_aunmediated _2rdamedia |
||
| 338 |
_avolume _2rdacarrier |
||
| 504 | _aIncluye bibliografía. | ||
| 505 | 0 | _aMisión integral. -Encuentro interetnico en el Chaco paraguayo. -Una iglesia de barrio: compromiso con un pueblo. -"5 y 2" : multiplicar para todos. -De los principios a la práctica. -Mosoj Yan: un "camino nuevo" para niñas y adolescentes de la calle. -Una iglesia protagonista de cambios en la sociedad. -Salud integral en "el lugar de los girasoles". | |
| 526 | _aSEG42 | ||
| 526 | _aSEG41 | ||
| 526 | _aSEG40 | ||
| 526 | _aSEG39 | ||
| 526 | _aP94 | ||
| 526 | _aP87 | ||
| 526 | _aP86 | ||
| 526 | _aP85 | ||
| 526 | _aP77 | ||
| 526 | _aP76 | ||
| 526 | _aP35 | ||
| 650 | 0 | 4 |
_aMisión de la iglesia _xEstudio de casos. |
| 700 | 1 |
_aPadilla, C. René, _eed. |
|
| 700 | 1 |
_aYamamori, Tetsunao, _eed. |
|
| 942 |
_2ddc _cBOOK |
||
| 949 |
_a266 P14 _wDEWEY _c1 _i49535 _lCCODEBUL1 _mBUL _r0 _sY _tBOOK _u2015-6-24 _xTEOLOGIA _PP35 _0COMPRA _o.STAFF. Colección General |
||
| 994 |
_aC0 _bPEPRU |
||
| 596 | _a1 | ||
| 999 |
_a266 P14 _wDEWEY _c30629 _i49535 _f2021-11-10 _g5 _lCCODEBUL1 _mBUL _q1 _r0 _sY _tBOOK _u2015-6-24 _xTEOLOGIA _PP35 _0COMPRA _o.STAFF. Colección General _d30629 |
||
| 980 |
_81 _gALBERTO SANCHEZ Responsable de Automatización |
||